000
00274nam a22001217a 4500
008
181101b xxu||||| |||| 00| 0 eng d
041
_a
eng
080
_a
910
100
_a
42
101
_a
GJEO
245
_a
The Earth's Crust and Upper Mantle
_c
Hart, P.J
942
_2
udc
_c
BK
999
_c
51544
_d
51544